|
|
|
|
| LEADER |
00000nab a2200000 a 4500 |
| 001 |
vtls001015009 |
| 003 |
SK-MaSNL |
| 005 |
20260303230141.0 |
| 008 |
040720e19940531xo 0 slo |
| 035 |
|
|
|a SN962
|
| 040 |
|
|
|a SNSK
|b slo
|c SNSK
|e AACR2
|
| 041 |
0 |
|
|a slo
|
| 044 |
|
|
|a xo
|c SK
|
| 080 |
|
|
|a 351.778.5
|2 1981
|
| 080 |
|
|
|a 339.187
|2 1981
|
| 100 |
0 |
|
|a (ha)
|4 aut
|9 846414
|
| 245 |
1 |
0 |
|a Peniaze do fondu
|b Predaj mestských bytov v Krompachoch aj s niektorými mimoriadnymi zľavami
|
| 650 |
0 |
7 |
|a byty
|2 SNSK
|9 3905
|
| 650 |
0 |
7 |
|a predaj
|2 SNSK
|9 13334
|
| 650 |
0 |
7 |
|a ceny
|2 SNSK
|9 2113
|
| 650 |
0 |
7 |
|a informácie
|2 SNSK
|9 1285
|
| 651 |
|
7 |
|a Krompachy (Slovensko)
|2 SNSK
|9 43389
|
| 651 |
|
7 |
|a SN,
|2 SNSK
|9 1021277
|
| 655 |
|
7 |
|a periodikum
|2 snkbucl
|9 29553
|
| 773 |
0 |
8 |
|t Spišský kuriér
|g Roč. 3, č.22, 31.5.1994, s. 3
|
| 852 |
|
|
|a ZVYKNI
|b KIS3GCP
|
| 999 |
|
|
|c 2260359
|d 2262289
|